000 00334 a2200157 4500
001 59777
020 _a9783570127902
040 _cAnchieta - Pituba
100 _aArcher, Chris
240 1 0 _aDie piraten
_lpor
245 1 0 _aDie piraten
300 _a171
362 0 _a2005
650 4 _aLiteratura juvenil em alemão
942 _cBK
999 _c59777
_d59777